Memoria de investigación y difusión científica 2003
Saved in:
| 企業作者: | |
|---|---|
| 格式: | 圖書 |
| 語言: | 西班牙语 |
| 出版: |
Santiago
Universidad de los Andes
2004
|
| 主題: | |
| 標簽: |
添加標簽
沒有標簽, 成為第一個標記此記錄!
|
MARC
| LEADER | 00000nam a2200000 a 4500 | ||
|---|---|---|---|
| 001 | UCK1374 | ||
| 003 | CL-VaPUC | ||
| 008 | 041112e20040000CL |||||||||||||||||spa|d | ||
| 082 | 0 | 4 | |a 378.83 |b UNI |2 21 |
| 110 | 2 | |a Universidad de los Andes |e author |9 489158 | |
| 245 | 1 | 0 | |a Memoria de investigación y difusión científica 2003 |
| 300 | |a 153 p | ||
| 942 | |c BK | ||
| 945 | |d 20041112 00:00:00 |a cmena | ||
| 260 | |a Santiago |b Universidad de los Andes |c 2004 | ||
| 650 | 0 | |a Universidades |9 256317 | |
| 650 | 0 | |a Educación superior |9 223851 | |
| 650 | 0 | |a Investigación científica |9 259857 | |
| 651 | 7 | |a CHILE |2 CL-VaPUC |9 489159 | |
| 583 | |a last modification |c 20041112 00:00:00 |k Rodrigo Vera | ||
| 999 | |c 311345 |d 311343 | ||